[Event "Russian Championship G15 2016"]
[Site "Loo"]
[Date "2016.04.25"]
[Round "6.5"]
[White "Afanasieva, Alexandra"]
[Black "Pankova, Julia"]
[Result "1-0"]
[WhiteElo "1901"]
[BlackElo "1861"]
[PlyCount "77"]
[EventDate "2016.04.20"]

1. e4 c5 2. Nf3 d6 3. d4 cxd4 4. Nxd4 Nf6 5. Nc3 Nc6 6. Bg5 e6 7. Be2 a6 8. O-O
Be7 9. Be3 e5 10. Nb3 Be6 11. Qd2 O-O 12. a4 a5 13. Rfd1 Nb4 14. Bf3 Rc8 15.
Rac1 Bg4 16. Qe2 Bd7 17. h3 Rxc3 18. bxc3 Na2 19. Qc4 Nxc1 20. Bxc1 Bc6 21. Be3
Qd7 22. Nxa5 Bxa4 23. Rb1 Bc6 24. Nxc6 bxc6 25. Qa6 Rc8 26. Rb7 Rc7 27. Qa8+
Bf8 28. Rb8 Qe7 29. Bg5 d5 30. exd5 cxd5 31. Bxd5 Rxc3 32. Bb3 h6 33. Bd2 Rxb3
34. cxb3 Qc5 35. Rc8 Qd6 36. Be3 Nd7 37. Rd8 Qe6 38. Qc8 Kh7 39. Qxd7 1-0

[Event "Russian Championship G15 2016"]
[Site "Loo"]
[Date "2016.04.25"]
[Round "6.6"]
[White "Koroleva, Evgeniya"]
[Black "Shakhmatova, Kseniya"]
[Result "1-0"]
[WhiteElo "1881"]
[BlackElo "1828"]
[PlyCount "81"]
[EventDate "2016.04.20"]

1. d4 Nf6 2. c4 e6 3. Nc3 Bb4 4. e3 O-O 5. a3 Bxc3+ 6. bxc3 c5 7. Bd3 d5 8. Nf3
b6 9. O-O Bb7 10. cxd5 exd5 11. a4 Nbd7 12. Ba3 Rc8 13. Rc1 Re8 14. Qe2 Ne4 15.
Nd2 Nxd2 16. Qxd2 c4 17. Bc2 Nf6 18. f3 Bc6 19. Rce1 Qd7 20. g4 g6 21. Qd1 Qc7
22. Rf2 h5 23. g5 Nh7 24. f4 Bd7 25. Qf3 Rcd8 26. Qg2 Qc8 27. f5 Bxf5 28. Bxf5
gxf5 29. Qf3 Kh8 30. Qxh5 Rg8 31. Be7 Rd6 32. Kh1 Rdg6 33. Bf6+ R8g7 34. Rf4
Qg8 35. Rxf5 Rxf6 36. gxf6 Rg6 37. h4 Qe8 38. Qf3 Qxa4 39. Rg1 Rh6 40. Qg3 Rg6
41. Qb8+ 1-0

[Event "Russian Championship G15 2016"]
[Site "Loo"]
[Date "2016.04.25"]
[Round "6.7"]
[White "Goltseva, Ekaterina"]
[Black "Urvacheva, Arina"]
[Result "1-0"]
[WhiteElo "2137"]
[BlackElo "1750"]
[PlyCount "73"]
[EventDate "2016.04.20"]

1. d4 Nf6 2. c4 e6 3. Nc3 Bb4 4. Nf3 Nc6 5. Qc2 d6 6. Bd2 O-O 7. e4 e5 8. d5
Nd4 9. Qd3 Re8 10. Ne2 Bc5 11. Bg5 Bb4+ 12. Bd2 Bc5 13. Nfxd4 exd4 14. f3 c6
15. O-O-O Qb6 16. Bf4 Nh5 17. g4 Nxf4 18. Nxf4 Qc7 19. Kb1 Bb6 20. Nh5 Qe7 21.
Qd2 c5 22. Bd3 Bd8 23. Rhg1 Qg5 24. Qg2 a6 25. h4 Qxh4 26. Rh1 Qg5 27. Qh2 Qh6
28. Qc2 Qg5 29. f4 Qe7 30. g5 Bg4 31. Rde1 Bxh5 32. Rxh5 f5 33. gxf6 Qxf6 34.
e5 g6 35. Rg1 dxe5 36. Bxg6 Rf8 37. Be8+ 1-0

[Event "Russian Championship G15 2016"]
[Site "Loo"]
[Date "2016.04.25"]
[Round "6.8"]
[White "Serditykh, Olesya"]
[Black "Zaitseva, Lyudmila"]
[Result "0-1"]
[WhiteElo "1844"]
[BlackElo "1750"]
[PlyCount "72"]
[EventDate "2016.04.20"]

1. d4 Nf6 2. c4 g6 3. Nc3 Bg7 4. Nf3 d6 5. h3 O-O 6. e4 e5 7. dxe5 dxe5 8. Qc2
Nbd7 9. Be3 c6 10. Be2 Qe7 11. O-O Nh5 12. Rab1 Nf4 13. b4 f5 14. c5 Nxe2+ 15.
Qxe2 f4 16. Bc1 g5 17. Nd2 Nf6 18. f3 h5 19. Kf2 g4 20. hxg4 Nxg4+ 21. fxg4
Qh4+ 22. Kg1 hxg4 23. Qc4+ Kh8 24. Qd3 Be6 25. Ne2 Rf6 26. Nf3 gxf3 27. Rxf3
Rh6 28. Bb2 Bxa2 29. Ra1 Be6 30. Qc3 Bg4 31. Rxf4 Qh2+ 32. Kf2 Bxe2 33. Rf5 Bg4
34. Rf7 Rf6+ 35. Rxf6 Bxf6 36. Qg3 Bh4 0-1

[Event "Russian Championship G15 2016"]
[Site "Loo"]
[Date "2016.04.25"]
[Round "6.9"]
[White "Kvachko, Anastasiya"]
[Black "Buchina, Polina"]
[Result "1/2-1/2"]
[WhiteElo "1831"]
[BlackElo "1711"]
[PlyCount "90"]
[EventDate "2016.04.20"]

1. e4 c6 2. d4 d5 3. Nc3 dxe4 4. Nxe4 Bf5 5. Ng3 Bg6 6. h4 h6 7. Nf3 Nf6 8. h5
Bh7 9. Bd3 e6 10. Bxh7 Nxh7 11. Qd3 Be7 12. Ne4 Nf6 13. Bd2 Nbd7 14. O-O-O Nxe4
15. Qxe4 Nf6 16. Qe2 Qd5 17. c4 Qd8 18. Bc3 Qc7 19. Kb1 O-O 20. Ne5 a6 21. g4
Nh7 22. f4 b5 23. c5 a5 24. Qe4 Rac8 25. Rhg1 b4 26. Bd2 Nf6 27. Qe2 Nd7 28.
Nf3 Rfe8 29. g5 hxg5 30. Nxg5 Bxg5 31. Rxg5 Nf8 32. Qg2 f6 33. Rg3 Re7 34. Rg1
Rd8 35. a3 Rxd4 36. axb4 axb4 37. h6 Rdd7 38. Bxb4 Qxf4 39. hxg7 Nh7 40. Qxc6
Ng5 41. Bc3 Qf5+ 42. Kc1 Qf4+ 43. Kc2 Qf5+ 44. Kc1 Qf4+ 45. Kc2 Qf5+ 1/2-1/2

[Event "Russian Championship G15 2016"]
[Site "Loo"]
[Date "2016.04.25"]
[Round "6.10"]
[White "Stroganova, Karina"]
[Black "Uskova, Taisiya"]
[Result "1/2-1/2"]
[WhiteElo "1704"]
[BlackElo "1811"]
[PlyCount "80"]
[EventDate "2016.04.20"]

1. d4 d5 2. c4 e6 3. Nf3 Nf6 4. g3 Be7 5. Bg2 O-O 6. O-O c6 7. Nc3 Nbd7 8. Nd2
Re8 9. e4 dxe4 10. Ndxe4 e5 11. d5 cxd5 12. cxd5 Nxe4 13. Bxe4 Nf6 14. Bg2 h6
15. Qb3 Bd6 16. Nb5 a6 17. Nxd6 Qxd6 18. Bd2 e4 19. Rad1 Bg4 20. Bf4 Bxd1 21.
Rxd1 Qd7 22. d6 Rad8 23. Bf1 b5 24. h4 Nh5 25. Be3 Qc6 26. Qb4 Re6 27. Bc5 e3
28. Bg2 exf2+ 29. Kh2 Qd7 30. Bh3 f1=Q 31. Bxf1 Re5 32. Bb6 Rde8 33. Rd2 Re4
34. Qc3 Nf6 35. Qc7 g6 36. Rc2 R4e6 37. Rd2 Re4 38. Rc2 R4e6 39. Rd2 Re4 40.
Rc2 R4e6 1/2-1/2

[Event "Russian Championship G15 2016"]
[Site "Loo"]
[Date "2016.04.25"]
[Round "6.11"]
[White "Getman, Tatyana"]
[Black "Sargsyan, Anna"]
[Result "1-0"]
[WhiteElo "1732"]
[BlackElo "1783"]
[PlyCount "113"]
[EventDate "2016.04.20"]

1. d4 d5 2. Bf4 Nf6 3. Nf3 e6 4. e3 c6 5. Bd3 Bd6 6. Ne5 Qc7 7. Nd2 Nbd7 8.
Nxd7 Bxd7 9. Bxd6 Qxd6 10. Qe2 e5 11. dxe5 Qxe5 12. O-O-O b5 13. h3 O-O 14. g4
Rfd8 15. f4 Qe7 16. Qf3 Re8 17. Rhe1 Rad8 18. e4 d4 19. Rg1 Be6 20. Kb1 Nd7 21.
e5 Bd5 22. Be4 Nc5 23. Bxd5 Rxd5 24. Nb3 Nxb3 25. Qxb3 Qc5 26. Rge1 Qc4 27. Qf3
Rc5 28. Qf2 Rd8 29. Rd3 Rcd5 30. f5 Qc5 31. Qf4 Re8 32. e6 fxe6 33. fxe6 Qf8
34. Qe4 Qf6 35. Rf3 Re5 36. Qxe5 Qxf3 37. Qxd4 Qg3 38. Qe4 Qd6 39. a3 a6 40. h4
Re7 41. h5 Qd5 42. Qf5 Qd2 43. Rf1 Qd8 44. Kc1 Qe8 45. Re1 Qf8 46. Qe5 Qf6 47.
g5 Qf8 48. Kd2 Qd8+ 49. Kc3 Qa5+ 50. Kd3 Qd8+ 51. Ke4 Qc8 52. Kf4 Qf8+ 53. Qf5
Qd8 54. Qe4 Qd6+ 55. Kg4 Qc5 56. Qf4 Qd5 57. Qb8+ 1-0

[Event "Russian Championship G15 2016"]
[Site "Loo"]
[Date "2016.04.25"]
[Round "6.12"]
[White "Kurkova, Sofia"]
[Black "Shengeliya, Anastasiya"]
[Result "1-0"]
[WhiteElo "1700"]
[BlackElo "1752"]
[PlyCount "119"]
[EventDate "2016.04.20"]

1. c4 f5 2. Nc3 Nf6 3. g3 g6 4. Bg2 Bg7 5. Nf3 O-O 6. O-O d6 7. d3 e5 8. b4 Nc6
9. Qb3 Kh8 10. a4 h6 11. a5 Rb8 12. b5 Ne7 13. Be3 b6 14. axb6 axb6 15. Ra7 Bb7
16. Rd1 Ng4 17. Bc1 g5 18. h3 Nf6 19. d4 exd4 20. Nxd4 Bxg2 21. Kxg2 Qc8 22.
Be3 Nd7 23. Nd5 Nxd5 24. cxd5 Nc5 25. Qc4 Rb7 26. Rda1 f4 27. Ra8 Qxa8 28. Rxa8
Rxa8 29. Bd2 Ra4 30. Bb4 Rba7 31. gxf4 Rxb4 32. Qxb4 Ra4 33. Qb1 Rxd4 34. fxg5
hxg5 35. Qf5 Ne4 36. Qc8+ Kh7 37. Qxc7 Rxd5 38. Qc2 Rxb5 39. Qxe4+ Kh6 40. Qe6+
Kh7 41. Qxd6 Rb2 42. e4 Rb5 43. Qc6 Re5 44. Qxb6 Re7 45. Qc5 Re5 46. Qc2 Kg6
47. Kg3 Re6 48. Kg4 Re5 49. f3 Kh6 50. Qd2 Kg6 51. h4 gxh4 52. f4 Re8 53. Qd6+
Kf7 54. e5 Re7 55. Kxh4 Re6 56. Qd5 Ke7 57. Kg5 Rh6 58. f5 Bf8 59. f6+ Ke8 60.
Qa8+ 1-0

[Event "Russian Championship G15 2016"]
[Site "Loo"]
[Date "2016.04.25"]
[Round "6.13"]
[White "Voskresenskaya, Marta"]
[Black "Alferova, Polina"]
[Result "1-0"]
[WhiteElo "1751"]
[BlackElo "1698"]
[PlyCount "95"]
[EventDate "2016.04.20"]

1. d4 Nf6 2. c4 g6 3. Nc3 d5 4. Nf3 Bg7 5. Bg5 Ne4 6. cxd5 Nxg5 7. Nxg5 e6 8.
Nf3 exd5 9. e3 O-O 10. Be2 c6 11. h3 Nd7 12. O-O Re8 13. Ne1 Qe7 14. Nd3 Nf6
15. Rc1 Ne4 16. Nxe4 dxe4 17. Nc5 h5 18. Bc4 Qg5 19. Kh2 Bf8 20. f4 Qf6 21. Bb3
b6 22. Na4 Ba6 23. Rf2 Rac8 24. Kg1 Red8 25. Qe1 Bb5 26. f5 g5 27. Nc3 Bd3 28.
Bc2 Bxc2 29. Rcxc2 Re8 30. Qe2 h4 31. Qg4 Bd6 32. Nxe4 Rxe4 33. Qxe4 c5 34.
Rfd2 Rd8 35. dxc5 Bxc5 36. Rxd8+ Qxd8 37. Kf2 Qb8 38. Qg4 f6 39. Rd2 Qe5 40.
Qf3 Qe8 41. Rd3 Qe7 42. Ke2 Kg7 43. Qd5 Kh6 44. Qg8 Qg7 45. Qxg7+ Kxg7 46. Rd7+
Kf8 47. Rxa7 Ke8 48. Rb7 1-0

[Event "Russian Championship G15 2016"]
[Site "Loo"]
[Date "2016.04.25"]
[Round "6.14"]
[White "Filippova, Margarita"]
[Black "Popova, Irina"]
[Result "0-1"]
[WhiteElo "1710"]
[BlackElo "1856"]
[PlyCount "102"]
[EventDate "2016.04.20"]

1. d4 Nf6 2. Nf3 e6 3. c4 b6 4. Nc3 Bb7 5. e3 c5 6. Bd3 g6 7. O-O Bg7 8. Rb1
O-O 9. a3 cxd4 10. Nxd4 d6 11. Re1 a6 12. h3 Nbd7 13. e4 Ne5 14. Bf1 Rc8 15. b3
b5 16. f4 Ned7 17. Bb2 bxc4 18. Bxc4 Nc5 19. Qe2 Nfxe4 20. Nxe4 Nxe4 21. Nxe6
fxe6 22. Bxe6+ Kh8 23. Bxc8 Qb6+ 24. Kh2 Rxc8 25. Bxg7+ Kxg7 26. Qg4 Rc2 27.
Re2 Nf6 28. Qe6 Rxe2 29. Qxe2 Be4 30. Rc1 d5 31. Qe1 d4 32. Qg3 Qd6 33. Qf2 g5
34. Rd1 d3 35. Kg1 Qxf4 36. Qa7+ Kg6 37. Rf1 Qd6 38. Qe3 Qd5 39. Qb6 Qe5 40.
Qe3 Nd5 41. Qa7 Qe6 42. Kh2 Nf4 43. Rf2 Bxg2 44. Rxf4 Qxh3+ 45. Kg1 Qh1+ 46.
Kf2 Qf1+ 47. Ke3 gxf4+ 48. Kd2 Qe2+ 49. Kc3 d2 50. Qb6+ Kf5 51. Qb4 d1=N+ 0-1

[Event "Russian Championship G15 2016"]
[Site "Loo"]
[Date "2016.04.25"]
[Round "6.15"]
[White "Smagina, Sofya"]
[Black "Eliseeva, Maia"]
[Result "1-0"]
[WhiteElo "1800"]
[BlackElo "1729"]
[PlyCount "77"]
[EventDate "2016.04.20"]

1. Nf3 d5 2. d4 Nf6 3. b3 e6 4. Bb2 Be7 5. e3 O-O 6. Bd3 Nbd7 7. O-O b6 8. Nbd2
Bb7 9. Ne5 c5 10. Ndf3 Rc8 11. Rc1 Bd6 12. c4 cxd4 13. exd4 dxc4 14. Bxc4 Nb8
15. Nxf7 Rxf7 16. Bxe6 Rxc1 17. Bxf7+ Kxf7 18. Bxc1 Nc6 19. Re1 h6 20. Qe2 Kg8
21. Ne5 Bc7 22. Nxc6 Qd6 23. Qe6+ Qxe6 24. Rxe6 Nd5 25. Ne7+ Kf7 26. Nxd5 Bxd5
27. Re1 Be6 28. Ba3 Bd8 29. Bd6 a5 30. f4 g6 31. Rc1 Bd7 32. Bc7 Bxc7 33. Rxc7
Ke6 34. Rxd7 Kxd7 35. g4 Ke6 36. Kf2 h5 37. gxh5 gxh5 38. Ke3 Kd5 39. f5 1-0

[Event "Russian Championship G15 2016"]
[Site "Loo"]
[Date "2016.04.25"]
[Round "6.16"]
[White "Znamenskaya, Darya"]
[Black "Garmash, Aliona"]
[Result "1/2-1/2"]
[WhiteElo "1589"]
[BlackElo "1763"]
[PlyCount "164"]
[EventDate "2016.04.20"]

1. d4 Nf6 2. c4 g6 3. Nc3 Bg7 4. Nf3 d6 5. g3 O-O 6. Bg2 Nc6 7. O-O e5 8. d5
Ne7 9. e4 Nd7 10. b4 a5 11. Ba3 axb4 12. Bxb4 b6 13. a4 Ba6 14. Qe2 h6 15. Nb5
f5 16. Nd2 Nc5 17. a5 fxe4 18. Nxe4 Bxb5 19. cxb5 Nb3 20. Ra3 Nxa5 21. Bxa5
Rxa5 22. Rxa5 bxa5 23. Ra1 Kh8 24. Qd2 Qa8 25. Rxa5 Qb7 26. Qa2 Nf5 27. Qc4 Qb6
28. Ra6 Qd4 29. Qxd4 exd4 30. b6 cxb6 31. Rxb6 d3 32. Rb3 Rc8 33. Rxd3 Rc1+ 34.
Bf1 Re1 35. Nd2 Ra1 36. Nc4 Ra4 37. Ne3 Nd4 38. Rd1 Nf3+ 39. Kg2 Ng5 40. Bd3
Ne4 41. Nc4 Nc3 42. Re1 Nxd5 43. Nxd6 Bc3 44. Rc1 Bd4 45. Bxg6 Ra6 46. Rc8+ Kg7
47. Nf5+ Kxg6 48. Nxd4 Nf6 49. Rc6 Ra4 50. Nf3 Ra5 51. Nd2 Kg7 52. Rc2 Ra3 53.
h3 Rd3 54. g4 Nd5 55. h4 Nf4+ 56. Kg1 Ng6 57. Rc7+ Kg8 58. Rc6 Kg7 59. h5 Ne5
60. Re6 Nf7 61. Nf1 Rd4 62. f3 Ng5 63. Rg6+ Kh7 64. Kg2 Rf4 65. Nh2 Rf7 66. Kg3
Ra7 67. Kh4 Ra2 68. Kg3 Ra1 69. Rd6 Ra3 70. Kf4 Ra4+ 71. Ke3 Ra2 72. Nf1 Ra3+
73. Rd3 Rxd3+ 74. Kxd3 Nxf3 75. Ke3 Ng5 76. Ng3 Nf7 77. Ne4 Kg7 78. Kf4 Nd8 79.
Kf5 Nf7 80. Ke6 Nd8+ 81. Kd7 Nf7 82. Ke8 Ne5 1/2-1/2

[Event "Russian Championship G15 2016"]
[Site "Loo"]
[Date "2016.04.25"]
[Round "6.17"]
[White "Usacheva, Glafira"]
[Black "Bogdanova, Darya"]
[Result "1-0"]
[WhiteElo "1808"]
[BlackElo "1695"]
[PlyCount "93"]
[EventDate "2016.04.20"]

1. e4 e6 2. d4 d5 3. Nd2 c5 4. exd5 exd5 5. Bb5+ Bd7 6. Bxd7+ Nxd7 7. Ne2 Ngf6
8. O-O Bd6 9. dxc5 Nxc5 10. Ng3 O-O 11. Nf3 Ne6 12. Nf5 Bc5 13. b3 Ne4 14. Bb2
Qb6 15. N5d4 Nf4 16. Ne5 Rad8 17. a4 Rfe8 18. a5 Qa6 19. Nd3 Nxd3 20. cxd3 Nf6
21. Qd2 Nd7 22. b4 Bf8 23. Rac1 Ne5 24. b5 Qg6 25. Rfd1 Rc8 26. Rxc8 Rxc8 27.
f4 Ng4 28. h3 Nh6 29. Nf3 Nf5 30. Ne5 Qd6 31. Rc1 Rxc1+ 32. Qxc1 Qc5+ 33. Qxc5
Bxc5+ 34. Kh2 Nd6 35. d4 Bb4 36. b6 axb6 37. axb6 f6 38. Nd7 Kf7 39. g4 Ke7 40.
Nc5 Ba5 41. Ba3 Kf7 42. Nb3 Nc4 43. Nxa5 Nxa5 44. Kg3 Nb3 45. Bc5 Nxc5 46. dxc5
Ke6 47. c6 1-0

[Event "Russian Championship G15 2016"]
[Site "Loo"]
[Date "2016.04.25"]
[Round "6.18"]
[White "Yakushina, Ekaterina"]
[Black "Bogdanova, Natalya"]
[Result "1/2-1/2"]
[WhiteElo "1637"]
[BlackElo "1806"]
[PlyCount "99"]
[EventDate "2016.04.20"]

1. Nf3 Nf6 2. c4 e6 3. g3 d5 4. d4 c6 5. Bg2 Bd6 6. O-O O-O 7. Qc2 Qe7 8. Nc3
Nbd7 9. e4 dxe4 10. Nxe4 Nxe4 11. Qxe4 Nf6 12. Qe2 c5 13. dxc5 Bxc5 14. b3 Rb8
15. Bb2 b6 16. Ne5 Bb7 17. Nc6 Bxc6 18. Bxc6 Rbc8 19. Bg2 Rcd8 20. Rfd1 Nd7 21.
Rd3 Bd6 22. Rad1 Nc5 23. R3d2 f6 24. Re1 Rfe8 25. f4 Kh8 26. Qg4 Qc7 27. Kh1 a5
28. Red1 Qe7 29. Qf3 Bc7 30. Rxd8 Rxd8 31. Ba3 Rxd1+ 32. Qxd1 Qd6 33. Qxd6 Bxd6
34. Kg1 Kg8 35. Kf1 e5 36. fxe5 Bxe5 37. Bd5+ Kf8 38. b4 axb4 39. Bxb4 Ke8 40.
Bxc5 bxc5 41. Ke2 Bc3 42. Kd3 Bb4 43. Ke4 g6 44. g4 Ba3 45. Be6 Ke7 46. Kd5 Bb4
47. a4 h6 48. h4 Be1 49. h5 gxh5 50. gxh5 1/2-1/2

[Event "Russian Championship G15 2016"]
[Site "Loo"]
[Date "2016.04.25"]
[Round "6.19"]
[White "Litvinova, Kseniya"]
[Black "Levicheva, Ekaterina"]
[Result "0-1"]
[WhiteElo "1616"]
[BlackElo "1766"]
[PlyCount "94"]
[EventDate "2016.04.20"]

1. e4 c5 2. d4 cxd4 3. c3 dxc3 4. Nxc3 Nc6 5. Bc4 e6 6. Nf3 a6 7. a3 Qc7 8. O-O
Nf6 9. Re1 Bc5 10. h3 Ne5 11. Bb3 b5 12. Bf4 Nxf3+ 13. Qxf3 Qb6 14. e5 Bb7 15.
Qe2 Qc6 16. Qf1 Nh5 17. Bh2 f5 18. Bd1 g6 19. Bf3 Qb6 20. Bxb7 Qxb7 21. Red1
O-O 22. b4 Be7 23. Rd2 Bg5 24. Rd4 Rac8 25. Qd3 Rfd8 26. Rd1 d5 27. exd6 Bf6
28. Ne2 Bxd4 29. Nxd4 Qd5 30. Nb3 Nf6 31. Nc5 Rxc5 32. bxc5 Qxc5 33. Qb3 Kf7
34. Re1 Ne4 35. Qa2 Rd7 36. Bf4 g5 37. Be3 Qxd6 38. f3 Qg3 39. Qa1 Nd2 40. Bf2
Nxf3+ 41. Kf1 Nd2+ 42. Kg1 Qb8 43. Qb2 Ne4 44. Bd4 Qd8 45. Bh8 Nf6 46. Bxf6
Qxf6 47. Qxf6+ Kxf6 0-1

[Event "Russian Championship G15 2016"]
[Site "Loo"]
[Date "2016.04.25"]
[Round "6.20"]
[White "Krikunova, Olesya"]
[Black "Granovskaya, Ekaterina"]
[Result "1-0"]
[WhiteElo "1756"]
[BlackElo "1602"]
[PlyCount "159"]
[EventDate "2016.04.20"]

1. Nf3 d5 2. d4 Nf6 3. c4 e6 4. g3 dxc4 5. Qa4+ Nc6 6. Qxc4 Qd7 7. Bg2 a6 8.
O-O Rb8 9. Bf4 b5 10. Qb3 Bb7 11. Rc1 Bd6 12. Ne5 Bxe5 13. dxe5 Nd5 14. Rd1 Na5
15. Qc2 Qc6 16. Qxc6+ Bxc6 17. Bd2 Nc4 18. Bc3 Bb7 19. b3 Ncb6 20. Bd4 O-O 21.
Bc5 Rfd8 22. e4 Nd7 23. Ba7 Ra8 24. exd5 Rxa7 25. dxe6 fxe6 26. Nc3 Bxg2 27.
Kxg2 Raa8 28. f4 Nc5 29. Kf3 Kf7 30. Ke3 Ke7 31. Ne2 Rac8 32. Nd4 Rd5 33. Rac1
Kd7 34. Nxb5 Nxb3 35. Rxd5+ exd5 36. Rxc7+ Rxc7 37. Nxc7 d4+ 38. Kf2 Nc5 39.
Nd5 Ke6 40. Nb6 h6 41. Nc4 Nd3+ 42. Kf3 Nc5 43. Nd6 g6 44. a3 a5 45. Nc4 a4 46.
Nd6 Kd5 47. h3 h5 48. Ke2 Ne6 49. h4 Nc5 50. Kd2 Nb3+ 51. Kc2 Nc5 52. Kd2 Nb3+
53. Ke2 Nc5 54. Kf3 Ne6 55. Kf2 Nc5 56. Nf7 Ne6 57. Ke2 Kc4 58. Kd2 Kb3 59. Ng5
Ng7 60. Nf3 Ne6 61. Kd3 Kxa3 62. Nxd4 Nxd4 63. Kxd4 Kb3 64. e6 a3 65. e7 a2 66.
e8=Q a1=Q+ 67. Kc5 Qc3+ 68. Kd6 Qxg3 69. Qe6+ Kc2 70. Qf6 Kd2 71. Qg5 Qd3+ 72.
Ke6 Qa6+ 73. Kf7 Qc4+ 74. Kxg6 Qg8+ 75. Kxh5 Qh8+ 76. Kg4 Qc8+ 77. f5+ Kd3 78.
Qg6 Qc4+ 79. Kh5 Ke3 80. f6 1-0

[Event "Russian Championship G15 2016"]
[Site "Loo"]
[Date "2016.04.25"]
[Round "6.21"]
[White "Mavrova, Kseniya"]
[Black "Badzgaradze, Elena"]
[Result "0-1"]
[WhiteElo "1727"]
[BlackElo "1692"]
[PlyCount "76"]
[EventDate "2016.04.20"]

1. d4 Nf6 2. c4 e6 3. Nc3 Bb4 4. Qc2 d5 5. e3 O-O 6. Nf3 Nbd7 7. a3 Bxc3+ 8.
bxc3 c5 9. Bd3 h6 10. O-O b6 11. cxd5 exd5 12. c4 Bb7 13. Qe2 Rc8 14. Nh4 dxc4
15. Bxc4 cxd4 16. exd4 Ne4 17. Nf5 Ndf6 18. f3 Nc3 19. Qd3 Ncd5 20. a4 Qd7 21.
Bb5 Bc6 22. Ba3 Bxb5 23. axb5 Rc3 24. Qb1 Re8 25. Bb4 Nxb4 26. Qxb4 Rc2 27. Ng3
Nd5 28. Qa4 Ne3 29. Rf2 Rc4 30. Qb3 Rxd4 31. Re1 Rd3 32. Qb1 Rd1 33. Rxd1 Nxd1
34. Rf1 Qd4+ 35. Kh1 Nf2+ 36. Kg1 Nh3+ 37. Kh1 Qg1+ 38. Rxg1 Nf2# 0-1

[Event "Russian Championship G15 2016"]
[Site "Loo"]
[Date "2016.04.25"]
[Round "6.22"]
[White "Reva, Liubov"]
[Black "Titievskaya, Elizaveta"]
[Result "0-1"]
[WhiteElo "1594"]
[BlackElo "1725"]
[PlyCount "58"]
[EventDate "2016.04.20"]

1. d4 Nf6 2. c4 c5 3. d5 b5 4. b3 bxc4 5. bxc4 d6 6. Nf3 g6 7. Nbd2 Bg7 8. Bb2
O-O 9. e4 Nbd7 10. Bd3 Nb6 11. O-O Qe8 12. Rb1 Ba6 13. Qc2 Qa4 14. Qxa4 Nxa4
15. Ba1 Rab8 16. Nb3 Nb6 17. Na5 Rbc8 18. Nd2 Bh6 19. f4 Nh5 20. g3 e5 21. dxe6
fxe6 22. Nf3 Bg7 23. Bxg7 Nxg7 24. Rfd1 Rcd8 25. Nc6 Ra8 26. Nxa7 Nxc4 27. Bxc4
Bxc4 28. Nc6 Be2 29. Rxd6 Bxf3 0-1

[Event "Russian Championship G15 2016"]
[Site "Loo"]
[Date "2016.04.25"]
[Round "6.23"]
[White "Beshukova, Alina"]
[Black "Shevchuk, Margarita"]
[Result "0-1"]
[WhiteElo "1716"]
[BlackElo "1636"]
[PlyCount "98"]
[EventDate "2016.04.20"]

1. Nf3 d5 2. d4 c6 3. c4 e6 4. Nc3 f5 5. Bf4 Nf6 6. e3 Be7 7. Bd3 O-O 8. Qc2
Nbd7 9. O-O Ne4 10. Ne5 Nxe5 11. Bxe5 Bd6 12. Bxd6 Qxd6 13. Rad1 Bd7 14. f3
Nxc3 15. Qxc3 Rf6 16. e4 Rh6 17. g3 f4 18. g4 Rf8 19. Rf2 Qe7 20. Qb3 Be8 21.
exd5 exd5 22. Re2 Re6 23. Rde1 Rxe2 24. Rxe2 Qf6 25. Re5 c5 26. Qxb7 cxd4 27.
Qxd5+ Bf7 28. Qxd4 Rd8 29. Qc3 Rxd3 30. Qxd3 Qxe5 31. Qc2 Qe1+ 32. Kg2 Bg6 33.
Qb3 Qe2+ 34. Kg1 Qe3+ 35. Qxe3 fxe3 36. c5 Bf7 37. a4 Bd5 38. f4 a5 39. Kf1 Bf3
40. g5 Kf7 41. c6 Ke7 42. h4 g6 43. c7 Kd7 44. Ke1 Kxc7 45. Kf1 Kd6 46. Ke1 Kd5
47. Kf1 Kd4 48. Ke1 Kd3 49. b3 Kc3 0-1

[Event "Russian Championship G15 2016"]
[Site "Loo"]
[Date "2016.04.25"]
[Round "6.24"]
[White "Krivonos, Kristina"]
[Black "Trofimova, Angelina"]
[Result "0-1"]
[WhiteElo "1367"]
[BlackElo "1635"]
[PlyCount "106"]
[EventDate "2016.04.20"]

1. e4 e5 2. Nf3 Nc6 3. Bb5 Bc5 4. d3 d6 5. h3 h6 6. O-O Nf6 7. Re1 O-O 8. c3
Re8 9. Nbd2 a6 10. Ba4 b5 11. Bc2 Bb6 12. Nf1 d5 13. Ng3 dxe4 14. dxe4 Be6 15.
Be3 Nd7 16. Bxb6 Nxb6 17. b3 Qe7 18. Nf5 Bxf5 19. exf5 Rad8 20. Qe2 f6 21. Be4
Na7 22. Nh4 c5 23. Qe3 Qc7 24. Rad1 Nac8 25. Rd2 Rxd2 26. Qxd2 Rd8 27. Qe2 Qd7
28. Nf3 Ne7 29. c4 bxc4 30. bxc4 Nxf5 31. Bxf5 Qxf5 32. Rd1 Rxd1+ 33. Qxd1 Qe6
34. Qd8+ Kh7 35. Qd3+ e4 36. Qe2 Qxc4 37. Qxc4 Nxc4 38. Ne1 Na3 39. Kf1 Kg6 40.
Ke2 Kf5 41. Kd2 c4 42. Kc3 a5 43. Kb2 Nb5 44. a4 Nd6 45. Kc3 Ke5 46. Nc2 Kd5
47. Ne3+ Kc5 48. g4 g6 49. h4 f5 50. h5 gxh5 51. gxf5 h4 52. f6 h3 53. Ng4 Nf7
0-1

[Event "Russian Championship G15 2016"]
[Site "Loo"]
[Date "2016.04.25"]
[Round "6.25"]
[White "Komleva, Ekaterina"]
[Black "Strukova, Ksenia"]
[Result "1/2-1/2"]
[WhiteElo "1808"]
[BlackElo "1822"]
[PlyCount "140"]
[EventDate "2016.04.20"]

1. e4 c5 2. Nf3 e6 3. d4 cxd4 4. Nxd4 Nc6 5. Nc3 a6 6. Be3 d6 7. Be2 Nf6 8. O-O
Be7 9. f4 O-O 10. Kh1 Qc7 11. Bf3 Rb8 12. Qe1 Re8 13. Qf2 Bf8 14. Nb3 b5 15. a3
Bb7 16. Rad1 Nd7 17. Rd2 Ba8 18. Be2 Nd8 19. f5 e5 20. Qg3 Kh8 21. Bg5 Be7 22.
Bxe7 Rxe7 23. Rfd1 Nf6 24. Bf3 Rd7 25. Qf2 Nb7 26. Kg1 Rg8 27. Qe3 Na5 28. Nxa5
Qxa5 29. Rxd6 Qc7 30. Rxd7 Nxd7 31. Qd3 Nc5 32. Qd6 Qa7 33. Kf1 f6 34. b4 Nb7
35. Qc7 Qe3 36. Re1 Qf4 37. h3 Qd2 38. Nd5 Qd4 39. Qc3 Qxc3 40. Nxc3 Rc8 41.
Re3 Nd6 42. Be2 g6 43. fxg6 hxg6 44. g4 Nf7 45. Ke1 Ng5 46. Kd2 Ne6 47. Nd1 Nf4
48. Bd3 Rd8 49. Nf2 Kg7 50. Kc1 Rd4 51. Kb2 Rd8 52. Kb3 Bc6 53. Kb2 Ne6 54. Nd1
Rh8 55. Nf2 Ng5 56. Kb3 Bd7 57. Kb2 Be6 58. Kc3 Rc8+ 59. Kb2 Nf7 60. Nd1 Bd7
61. Nc3 Rb8 62. Nd1 Nd6 63. Nf2 Bc6 64. Kb3 Be8 65. Kb2 Kf7 66. Nd1 Bc6 67. Nc3
Ke6 68. Kb3 Rc8 69. Rg3 Bb7 70. Re3 Rc7 1/2-1/2

[Event "Russian Championship G15 2016"]
[Site "Loo"]
[Date "2016.04.25"]
[Round "6.28"]
[White "Tukaeva, Aida"]
[Black "Gomzina, Alisa"]
[Result "1-0"]
[WhiteElo "1572"]
[BlackElo "1392"]
[PlyCount "95"]
[EventDate "2016.04.20"]

1. e4 e6 2. d4 d5 3. Nc3 Nf6 4. Bg5 Bb4 5. e5 h6 6. Bd2 Bxc3 7. Bxc3 Ne4 8. Qg4
g6 9. Bd3 Nxc3 10. bxc3 Rg8 11. Ne2 c5 12. Bb5+ Bd7 13. Bxd7+ Nxd7 14. O-O Qc7
15. Rfb1 Rb8 16. Rc1 Qd8 17. Nf4 Qe7 18. Re1 Rc8 19. Nxd5 Qd8 20. Ne3 Qa5 21.
Nc4 Qxc3 22. Nd6+ Ke7 23. Nxc8+ Rxc8 24. d5 Nxe5 25. Qe4 f6 26. dxe6 Rb8 27.
Rad1 Qb4 28. Qd5 Qb6 29. f4 c4+ 30. Kh1 Qxe6 31. fxe5 Qxd5 32. Rxd5 fxe5 33.
Rdxe5+ Kf7 34. Re7+ Kf8 35. Rc7 Rd8 36. h3 b5 37. Rxa7 Kg8 38. Rb7 Kf8 39. Ree7
Rd1+ 40. Kh2 Rd8 41. Rh7 Kg8 42. Rxh6 b4 43. Rxg6+ Kf8 44. Rxb4 c3 45. a4 Ra8
46. Rgb6 Re8 47. Rb8 Rxb8 48. Rxb8+ 1-0

[Event "Russian Championship G17 1st league 2016"]
[Site "Loo"]
[Date "2016.04.25"]
[Round "6.1"]
[White "Fokina, Elina"]
[Black "Pivina, Mariya"]
[Result "1/2-1/2"]
[WhiteElo "1693"]
[BlackElo "1857"]
[PlyCount "144"]
[EventDate "2016.04.20"]

1. e4 c5 2. Nf3 e6 3. b4 cxb4 4. d4 Nf6 5. Bd3 Be7 6. O-O d6 7. a3 Nc6 8. Nbd2
a6 9. Re1 bxa3 10. c3 e5 11. d5 Na7 12. Rxa3 O-O 13. Nb3 Bd7 14. c4 Qc8 15. Be3
b5 16. Qa1 bxc4 17. Rc1 Bb5 18. Na5 Qd7 19. Nxc4 Nc8 20. Bb1 Bd8 21. Rac3 Ng4
22. Bg5 f6 23. Bd2 Nb6 24. Na5 Na4 25. R3c2 Bb6 26. Be1 Nc5 27. Rb2 Na4 28.
Rbc2 Nc5 29. Rb2 Qa7 30. h3 Nh6 31. Nc6 Qd7 32. Na5 Bxa5 33. Bxa5 Rfc8 34. Bd2
Nf7 35. Qa3 Na4 36. Rbc2 Nb6 37. Ba2 Rxc2 38. Rxc2 Rc8 39. Rxc8+ Qxc8 40. Bb4
Nc4 41. Bxc4 Qxc4 42. Nd2 Qc2 43. Qe3 Qc7 44. Qa3 g6 45. Ba5 Qc2 46. Bb4 Qd1+
47. Kh2 Qe2 48. Qg3 Qd3 49. Ba5 Qxg3+ 50. Kxg3 Kf8 51. Kf3 Ke7 52. Ke3 f5 53.
f3 Nd8 54. Nb3 f4+ 55. Kf2 Nb7 56. Bb4 Ba4 57. Na5 Nc5 58. Ba3 Kd7 59. g3 Nd3+
60. Kg2 fxg3 61. Kxg3 Nc5 62. Nc4 Bb5 63. Nxe5+ dxe5 64. Bxc5 Bd3 65. Kf2 a5
66. Ke3 Bf1 67. h4 Bg2 68. f4 exf4+ 69. Kxf4 a4 70. Ke3 h6 71. Kd4 g5 72. hxg5
hxg5 1/2-1/2